| 000 | 02175cam a2200301 a 4500 | ||
|---|---|---|---|
| 001 | 15816539 | ||
| 003 | PILC | ||
| 005 | 20160616133250.0 | ||
| 008 | 090714s2010 cou b 000 0 eng | ||
| 010 | _a 2009028885 | ||
| 020 | _a9781601421517 | ||
| 020 | _a9781601422590 (eletronic) | ||
| 035 | _a(OCoLC)ocn326533972 | ||
| 040 |
_aDLC _cDLC _dBTCTA _dZPX _dLMR _dDLC |
||
| 050 | 0 | 0 |
_aBT 77 _b.H283 2010 |
| 082 | 0 | 0 | _a230 |
| 100 | 1 | _aHarris, Joshua. | |
| 245 | 1 | 0 |
_aDug down deep : _bunearthing what I believe and why it matters / _cJoshua Harris. |
| 250 | _a1st edition. | ||
| 260 |
_aColorado Springs, Colo. : _bMultnomah Books, _c2010. |
||
| 300 |
_ax, 241 pages ; _c24 cm. |
||
| 500 | _aIncludes bibliographical references. | ||
| 505 | 0 | _aMy Rumspringa -- "We're all theologians : the question is whether what we know about God is true" -- In which I learn to dig -- "Underneath was a deeper question : what would I build my life on?" -- Near but not in my pocket -- "God is utterly different from me and that is utterly wonderful" -- Ripping, burning, eating -- "When we read the Bible, it opens us up, it reads us" -- God with a bellybutton -- "Jesus is unique and He came to accomplish something that no one else could" -- A way to be good again -- "For too long the news that Jesus died for my sins had no real meaning" -- How Jesus saved gregg -- "How does redemption accomplished outside Jerusalem give life to a young man on a California beach?" -- Changed, changing, to be changed -- "Sanctification is work but it's good work : the privilege of the redeemed" -- I believe in the Holy Spirit -- "I longed to know that God was present, that I was doing more than singing songs to the ceiling" -- The invisible made visible -- "God's plan has always been a group plan : He reveals himself through His people" -- Humble orthodoxy -- "Here's what deflates my arrogance faster than anything : trying to live the truth I have". | |
| 650 | 0 |
_aTheology, Doctrinal _vPopular works. |
|
| 906 |
_a7 _bcbc _corignew _d1 _eecip _f20 _gy-gencatlg |
||
| 942 |
_2lcc _cBK |
||
| 999 |
_c295954 _d295954 |
||